000 00414nam a2200169Ia 4500
005 20250423094950.0
008 250422s9999 xx 000 0 und d
020 _a9780071104487
050 _aRC 667 .C874/
245 0 _aCurrent diagnosis and treatment in cardiology
260 _aEast Norwalk
260 _bLange
260 _c2009
300 _a574 p
650 _aCARDIOLOGY HEART_DISEASES
942 _cBK
999 _c28830
_d28830